Pauler Ákos 1876-1933
Elmentve itt :
| Szerző: | |
|---|---|
| Adatforrás: | Philobibl |
| Forrásdokumentuma: | Minerva 12 1933/6-10., 149-177. p. |
| Dokumentumtípus: | Cikk |
| Nyelv: | magyar |
| LEADER | 00322nab a2200109 c 4500 | ||
|---|---|---|---|
| 001 | bibDOK00006123 | ||
| 005 | 20200924120217.3 | ||
| 008 | 060518s1933 hu hun | ||
| 100 | 2 | |a Halasy-Nagy József | |
| 245 | 1 | 0 | |a Pauler Ákos 1876-1933 |c Halasy-Nagy József |
| 500 | |a Minerva könyvtár 44. | ||
| 773 | 0 | |t Minerva 12 |g 1933/6-10., 149-177. p. | |